| 000 | 01397nam a2200325Ia 4500 | ||
|---|---|---|---|
| 005 | 20210727153244.0 | ||
| 008 | 160315s2013 ck g 000 j spa | ||
| 020 | _a9789587049190 | ||
| 245 | 0 | 0 |
_aCuentos latinoamericanos _bantología _cedición y prólogo Conrado Zuluaga |
| 250 |
_a2a. edición _b7a. reimpresión |
||
| 300 |
_a139 páginas _c21 cm |
||
| 490 | _aJuvenil Alfaguara | ||
| 505 | _aHombre de la esquina rosada / Jorge Luis Borges -- Los fujitivos / Alejo Carpentier -- La autopista del sur / Julio Cortázar -- Nos han dado la tierra / Juan Rulfo -- Recuerdo de las sierras / Adolfo Bioy Cáseres -- En este pueblo no hay ladrones / Gabriel García Márquez | ||
| 650 | 1 | 4 |
_2LEMB _aCuentos latinoamericanos _vColecciones _ySiglo XX |
| 650 | 1 | 4 |
_2LEMB _aLiteratura latinoamericana _vColecciones _ySiglo XX |
| 700 | 1 |
_aBorges, Jorge Luis, _d1899-1986 |
|
| 700 | 1 |
_aCarpentier, Alejo, _d1904-1980 |
|
| 700 | 1 |
_aCortázar, Julio, _d1914-1984 |
|
| 700 | 1 |
_aRulfo, Juan, _d1918-1986 |
|
| 700 | 1 |
_aBioy Casares, Adolfo, _d1914-1999 |
|
| 700 | 1 |
_aGarcía Márquez, Gabriel, _d1927-2014 |
|
| 700 | 1 |
_aZuluaga Osorio, Conrado, _d1947- |
|
| 942 |
_2loc _cBKLIT |
||
| 264 |
_aBogotá _bAlfaguara _c2013 |
||
| 336 |
_atexto _btxt _2rdacontent |
||
| 337 |
_asin mediación _bn _2rdamedia |
||
| 338 |
_avolumen _bnc _2rdacarrier |
||
| 040 |
_aCO-BoRNBP _bspa _erda _cCO-BoRNBP |
||
| 084 | _aC CUE25 | ||
| 999 |
_c4901 _d4901 |
||